00369nam a2200157Ia 4500008004100000041000800041082001400049100001900063245003100082250000800113260002400121300000800145542001500153551002900168650001400197220531s9999 xx 000 0 und d aeng bWHA / JOH aJohnston, Hank aWhat Is A Social Movement? a1ST aJaipurbRawatc2017 a194 d15-03-2017 aSociologybNon-grant-SCO aSociology